000 00346nam a2200157Ia 4500
003 OSt
005 20240104113346.0
008 170524s9999 xx 000 0 und d
020 _a9788120327382
040 _ciimt university meerut
100 _aPETERSON R
100 _c2009
245 0 _aBUSINESS ETHICS
260 _aP.H.I
942 _2ddc
_c02
999 _c2858
_d2858